000 00316nam a22001457a 4500
008 210223b ||||| |||| 00| 0 eng d
020 _a674896653
041 _aeng
080 _a573
082 _a573
100 _a11
101 _aBIO
245 _aToward a new Philosphy of Biology
_cMayr, E
942 _2udc
_cBK
999 _c55114
_d55114